| 000 | 00368nam a2200145Ia 4500 | ||
|---|---|---|---|
| 008 | 240624s9999 xx 000 0 und d | ||
| 041 | _aeng | ||
| 082 | _a658.8342 EAS | ||
| 100 | _aEAST ROBERT | ||
| 245 | _aCONSUMER BEHAVIOUR APPLICATIONS IN MARKE | ||
| 250 | _a(2nd ed.) | ||
| 260 |
_c2014 _aLondon _bSage |
||
| 300 | _ax, : 337 : p. : cm. ; 23 | ||
| 365 |
_cGBP _b38 |
||
| 999 |
_c27546 _d27546 |
||